Tennis Grand Slam Champions (Female) - Sudden Death - Statistics

General Stats
  • This quiz has been taken 708 times
  • The average score is 7 of 15
Answers on the Grid
Answers color-coded by a green-red scale on the quiz's grid according to % correct below.
Agnieszka Radwanska
Angelique Kerber
Bianca Andreescu
Carling Bassett
Caroline Wozniacki
CoCo Vandeweghe
Dinara Safina
Dominika Cibulková
Elena Dementieva
Emma Raducanu
Eugenie Bouchard
Garbiñe Muguruza
Iga Świątek
Jelena Jankovic
Johanna Konta
Justine Henin
Kristýna Plíšková
Madison Keys
Margaret Court
Maria Sharapova
Mary Joe Fernández
Monica Seles
Pam Shriver
Roberta Vinci
Sabine Lisicki
Sania Mirza
Sara Errani
Simona Halep
Sofia Kenin
Steffi Graf
Venus Williams
Vera Zvonareva
Victoria Azarenka
 
Answer Stats
Answer % Correct
Angelique Kerber
67%
Caroline Wozniacki
64%
Iga Świątek
63%
Emma Raducanu
62%
Bianca Andreescu
53%
Garbiñe Muguruza
50%
Venus Williams
48%
Maria Sharapova
42%
Steffi Graf
42%
Justine Henin
41%
Simona Halep
39%
Margaret Court
36%
Monica Seles
35%
Victoria Azarenka
29%
Sofia Kenin
23%
No matching quizzes found
Score Distribution
Percent of People with Each Score
Percentile by Number Answered
Your Score History
You have not taken this quiz